[Event "London Classic Open 2014"]
[Site "London ENG"]
[Date "2014.12.10"]
[Round "3.17"]
[White "Fier, Alexandr"]
[Black "Stamos, Filippos"]
[Result "1-0"]
[WhiteTitle "GM"]
[WhiteElo "2592"]
[BlackElo "2060"]
[WhiteFideId "2107139"]
[BlackFideId "4242807"]
[EventDate "2014.12.08"]

1. d4 Nf6 2. c4 e6 3. Nc3 Bb4 4. e3 O-O 5. Ne2 c6 6. a3 Ba5 7. Qc2 d5 8. Ng3
Nbd7 9. Be2 dxc4 10. Bxc4 e5 11. O-O Bc7 12. Ba2 exd4 13. exd4 Re8 14. Bg5 Bd6
15. Nce4 Be7 16. Nf5 Qa5 17. Neg3 Nf8 18. b4 Qd8 19. Rae1 Be6 20. Nxe7+ Qxe7 21.
Nh5 Rad8 22. f4 Rd7 23. f5 Bxf5 24. Rxe7 Bxc2 1-0

[Event "London Classic Open 2014"]
[Site "London ENG"]
[Date "2014.12.10"]
[Round "3.18"]
[White "Dale, Ari"]
[Black "Bluebaum, Matthias"]
[Result "0-1"]
[WhiteTitle "IM"]
[BlackTitle "IM"]
[WhiteElo "2252"]
[BlackElo "2560"]
[WhiteFideId "3213145"]
[BlackFideId "24651516"]
[EventDate "2014.12.08"]

1. d4 Nf6 2. c4 e6 3. Nc3 Bb4 4. e3 O-O 5. Ne2 c6 6. a3 Ba5 7. Qc2 d5 8. Ng3
Nbd7 9. Be2 dxc4 10. Bxc4 e5 11. O-O exd4 12. exd4 Bc7 13. Ba2 Nb6 14. Bg5 h6
15. Bxf6 Qxf6 16. d5 Be5 17. Nce4 Qg6 18. dxc6 Qxc6 19. Qd2 Nc4 20. Bxc4 Qxc4
21. Rad1 Be6 22. f4 Bc7 23. f5 Rad8 24. Qe1 Bd5 25. Qc3 Qc6 26. Qxc6 Bxc6 27.
Nc3 Rfe8 28. Rxd8 Bb6+ 29. Kh1 Bxd8 30. Rd1 Bc7 31. Kg1 Re5 32. Rd2 h5 33. Re2
h4 34. Rxe5 Bxe5 35. Nge2 Kf8 36. g3 hxg3 37. hxg3 Ke7 38. Kf2 Kf6 39. b4 a6 40.
a4 Kxf5 41. b5 axb5 42. axb5 Bd7 43. Kf3 f6 44. Ke3 Kg4 45. Ke4 g5 46. Kd5 Kf3
47. Kc5 Ke3 48. Kc4 Be6+ 49. Kb4 b6 50. Nc1 Kd2 51. N1a2 Kc2 52. g4 Bd6+ 53. Ka4
Bb3# 0-1

[Event "London Classic Open 2014"]
[Site "London ENG"]
[Date "2014.12.10"]
[Round "3.19"]
[White "Hawkins, Jonathan"]
[Black "Britton, Richard L"]
[Result "1-0"]
[WhiteTitle "IM"]
[BlackTitle "FM"]
[WhiteElo "2552"]
[BlackElo "2230"]
[WhiteFideId "412686"]
[BlackFideId "401692"]
[EventDate "2014.12.08"]

1. d4 d5 2. c4 e6 3. Nf3 Nf6 4. Nc3 Be7 5. Bg5 O-O 6. e3 h6 7. Bh4 b6 8. Be2 Bb7
9. Bxf6 Bxf6 10. cxd5 exd5 11. b4 c6 12. O-O a5 13. b5 c5 14. Ne5 cxd4 15. exd4
Qc7 16. Rc1 Bxe5 17. dxe5 Qxe5 18. Re1 Qg5 19. Bg4 d4 20. Qxd4 Rd8 21. Qxb6 Bxg2
22. f4 Qh4 23. Qf2 Qxg4 24. Qxg2 Qxg2+ 25. Kxg2 Rd2+ 26. Re2 Rxe2+ 27. Nxe2 Nd7
28. Rc6 Rb8 29. Nd4 Nf6 30. Rd6 Ne4 31. Ra6 Rd8 32. b6 Nc5 33. Rxa5 Rxd4 34.
Rxc5 Rb4 35. Rc6 Kh7 36. Kf3 f5 37. Ke3 g5 38. Rc7+ Kg6 39. b7 Kh5 40. a4 Kg4
41. a5 gxf4+ 42. Kd3 f3 43. Rc4+ Rxc4 44. b8=Q Re4 45. Qg3+ 1-0

[Event "London Classic Open 2014"]
[Site "London ENG"]
[Date "2014.12.10"]
[Round "3.20"]
[White "Guthrie, David"]
[Black "Chirila, Ioan-Cristian"]
[Result "0-1"]
[BlackTitle "GM"]
[WhiteElo "2209"]
[BlackElo "2547"]
[WhiteFideId "4300505"]
[BlackFideId "1211668"]
[EventDate "2014.12.08"]

1. d4 Nf6 2. c4 g6 3. g3 Bg7 4. Bg2 d5 5. cxd5 Nxd5 6. Nf3 O-O 7. O-O Nb6 8. Nc3
Nc6 9. e3 Re8 10. Re1 a5 11. Qe2 Be6 12. Rd1 Bc4 13. Qc2 Nb4 14. Qb1 e5 15. b3
exd4 16. Nxd4 Bd3 17. Qb2 c5 18. Nf3 Qf6 19. Bd2 Be2 0-1

[Event "London Classic Open 2014"]
[Site "London ENG"]
[Date "2014.12.10"]
[Round "3.21"]
[White "Piorun, Kacper"]
[Black "Bukojemski, Adam"]
[Result "1-0"]
[WhiteTitle "GM"]
[WhiteElo "2517"]
[BlackElo "2214"]
[WhiteFideId "1130420"]
[BlackFideId "1114620"]
[EventDate "2014.12.08"]

1. e4 c5 2. Nf3 e6 3. d4 cxd4 4. Nxd4 Qb6 5. Nc3 Nc6 6. Ndb5 Bc5 7. Qd2 Nd4 8.
b4 Bxb4 9. Nxd4 Nf6 10. f3 e5 11. Nb3 d5 12. a3 Bxc3 13. Qxc3 O-O 14. Qc5 dxe4
15. Qxb6 axb6 16. Bb2 exf3 17. gxf3 Nd5 18. O-O-O Be6 19. Bxe5 Rfc8 20. Nd4 Ne3
21. Rd3 Nc4 22. Nxe6 Nxe5 23. Re3 fxe6 24. Rxe5 Rxa3 25. Kb2 Rxf3 26. Rxe6 1-0

[Event "London Classic Open 2014"]
[Site "London ENG"]
[Date "2014.12.10"]
[Round "3.22"]
[White "Bates, Caspar J"]
[Black "Vakhidov, Jahongir"]
[Result "0-1"]
[BlackTitle "GM"]
[WhiteElo "2185"]
[BlackElo "2502"]
[WhiteFideId "414760"]
[BlackFideId "14201801"]
[EventDate "2014.12.08"]

1. d4 Nf6 2. c4 g6 3. Nf3 Bg7 4. Nc3 d5 5. Bf4 O-O 6. e3 c5 7. dxc5 Qa5 8. Nd2
dxc4 9. Bxc4 Qxc5 10. Qe2 Nh5 11. Bg3 Nxg3 12. hxg3 Bxc3 13. bxc3 Nd7 14. Rc1
Ne5 15. Bb3 Bf5 16. e4 Rad8 17. Kf1 Bd7 18. Rh4 a5 19. Kg1 Bg4 20. Rxg4 Nxg4 21.
Qxg4 Rxd2 22. Qf4 Rd3 23. e5 e6 24. Bc4 Rd7 25. a4 Rfd8 26. Kh2 Rd1 27. Rc2 Re1
28. Rb2 Rxe5 29. g4 Qc7 30. Rxb7 Qxb7 31. Qxe5 Qb8 32. Qxb8 Rxb8 33. Bb5 Kf8 34.
Kg3 Ke7 35. Kf4 Rxb5 36. axb5 a4 37. Ke5 a3 38. b6 Kd7 0-1

[Event "London Classic Open 2014"]
[Site "London ENG"]
[Date "2014.12.10"]
[Round "3.23"]
[White "Fodor, Tamas Jr."]
[Black "Stigar, Petter"]
[Result "1/2-1/2"]
[WhiteTitle "GM"]
[BlackTitle "FM"]
[WhiteElo "2499"]
[BlackElo "2194"]
[WhiteFideId "723762"]
[BlackFideId "1500341"]
[EventDate "2014.12.08"]

1. d4 d5 2. c4 dxc4 3. e4 e5 4. Nf3 exd4 5. Bxc4 Nc6 6. O-O Be6 7. Bb5 Bc5 8. b4
Bb6 9. a4 a6 10. Bxc6+ bxc6 11. a5 Ba7 12. Bb2 Nf6 13. Bxd4 Nxe4 14. Re1 Nf6 15.
Nc3 O-O 16. Bxa7 Rxa7 17. Nd4 Qd6 18. Nxe6 fxe6 19. Ne4 Nxe4 20. Rxe4 Rb7 21.
Qe1 Rd8 22. Rxe6 Qxb4 23. Re8+ Rxe8 24. Qxe8+ Qf8 25. Qe6+ Kh8 26. Qxc6 Rb2 27.
Rf1 h6 28. Qxa6 Ra2 29. Qa7 c5 30. a6 Qc8 31. Re1 Rxa6 32. Qf7 Qg8 33. Qc7 c4
34. Rc1 Qe6 35. h3 Rc6 1/2-1/2

[Event "London Classic Open 2014"]
[Site "London ENG"]
[Date "2014.12.10"]
[Round "3.24"]
[White "Orgler, Philipp"]
[Black "Gormally, Daniel W"]
[Result "0-1"]
[BlackTitle "GM"]
[WhiteElo "2165"]
[BlackElo "2499"]
[WhiteFideId "1604236"]
[BlackFideId "406465"]
[EventDate "2014.12.08"]

1. d4 Nf6 2. Nc3 d5 3. Bg5 Nbd7 4. Nf3 e6 5. e4 h6 6. Bxf6 Nxf6 7. exd5 exd5 8.
Qd3 Bd6 9. O-O-O O-O 10. h3 Re8 11. Ne5 Bxe5 12. dxe5 Rxe5 13. f4 Re7 14. g4 c6
15. Kb1 Qd6 16. Qf3 Bd7 17. g5 Ne4 18. Bd3 hxg5 19. fxg5 Nxg5 20. Qg2 Qh6 21. h4
Ne6 22. Ne2 Nc5 23. Nd4 Nxd3 24. cxd3 Rae8 25. Rhg1 Qf6 26. Nc2 Re2 27. Qg3 Rf2
28. Rde1 Rxe1+ 29. Rxe1 Qf4 30. Qxf4 Rxf4 31. Re7 0-1

[Event "London Classic Open 2014"]
[Site "London ENG"]
[Date "2014.12.10"]
[Round "3.25"]
[White "Gavriel, Tryfon C"]
[Black "Wells, Peter K"]
[Result "1/2-1/2"]
[WhiteTitle "CM"]
[BlackTitle "GM"]
[WhiteElo "2128"]
[BlackElo "2468"]
[WhiteFideId "403105"]
[BlackFideId "400327"]
[EventDate "2014.12.08"]

1. d4 Nf6 2. c4 e6 3. Nc3 Bb4 4. e3 O-O 5. a3 Bxc3+ 6. bxc3 c5 7. Bd3 Nc6 8. Ne2
e5 9. d5 e4 10. Bc2 Na5 11. O-O d6 12. f3 Nxc4 13. Ng3 Re8 14. Bxe4 Nxe4 15.
fxe4 Ne5 16. Rf4 Qa5 17. c4 Qc3 18. Bd2 Qxc4 19. Rc1 Qd3 20. Rc3 Qa6 21. Qh5 Qb6
22. Rc1 Qb2 23. Nf1 Ng6 24. Rf2 Rxe4 25. Qf3 Re7 26. e4 Qd4 27. Re1 Ne5 28. Qg3
Ng4 29. Be3 Nxe3 30. Rxe3 Qe5 31. Qh4 Bd7 32. h3 Rae8 33. Ng3 h6 34. Rf5 Qd4 35.
Rf3 Re5 36. Kh2 Rg5 37. Qf4 f6 38. Qxd6 Bc8 39. Qc7 1/2-1/2

[Event "London Classic Open 2014"]
[Site "London ENG"]
[Date "2014.12.10"]
[Round "3.26"]
[White "Fernandez, Daniel Howard"]
[Black "Zoldan, Matteo"]
[Result "1-0"]
[WhiteTitle "IM"]
[BlackTitle "CM"]
[WhiteElo "2454"]
[BlackElo "2174"]
[WhiteFideId "5801605"]
[BlackFideId "805319"]
[EventDate "2014.12.08"]

1. Nf3 Nf6 2. c4 g6 3. Nc3 Bg7 4. d4 O-O 5. g3 d6 6. Bg2 Nbd7 7. O-O e5 8. Bg5
h6 9. Bxf6 Qxf6 10. e3 exd4 11. Nxd4 a6 12. Rc1 Nc5 13. Qd2 Rb8 14. h3 Ne6 15.
Nde2 b5 16. cxb5 axb5 17. b4 Bb7 18. Nd5 Qd8 19. Rfd1 Qd7 20. Nec3 c6 21. Nf4
Nxf4 22. gxf4 d5 23. Ne4 Qe7 24. Nc5 Bc8 25. Nb3 Rb6 26. Nd4 Bd7 27. Rc5 Ra8 28.
Rdc1 Qf6 29. Nf3 Rba6 30. Ne5 Be8 31. R5c2 g5 32. Nd3 Bf8 33. Kh1 Kh8 34. fxg5
hxg5 35. Qe2 Ra3 36. Rg1 Qh6 37. f4 Be7 38. Ne5 gxf4 39. Rxc6 Qh4 40. Nxf7+ Bxf7
41. Qb2+ Kg8 42. Bxd5+ Bg5 43. Rg6+ Kf8 44. Qg7+ 1-0

[Event "London Classic Open 2014"]
[Site "London ENG"]
[Date "2014.12.10"]
[Round "3.27"]
[White "Williamson, Roger G"]
[Black "Roberson, Peter T"]
[Result "1/2-1/2"]
[BlackTitle "IM"]
[WhiteElo "2160"]
[BlackElo "2412"]
[WhiteFideId "414620"]
[BlackFideId "412384"]
[EventDate "2014.12.08"]

1. d4 Nf6 2. c4 e6 3. Nc3 Bb4 4. e3 O-O 5. Ne2 c6 6. a3 Ba5 7. Ng3 d5 8. Be2
dxc4 9. Bxc4 c5 10. O-O cxd4 11. exd4 Nc6 12. Be3 Bb6 13. d5 Ne5 14. Bxb6 Qxb6
15. Ba2 exd5 16. Nxd5 Nxd5 17. Qxd5 Nc6 18. Qb3 Qxb3 19. Bxb3 Nd4 20. Bc4 Be6
21. Rac1 Rfd8 22. Bxe6 Nxe6 23. Ne4 Kf8 24. Rfd1 Rac8 25. Rxc8 Rxc8 26. Nc3 Rc4
27. Kf1 Rd4 28. Rxd4 Nxd4 29. Ne2 Nc6 30. Nc3 Ke7 31. Ke2 Ne5 32. b3 Ke6 33. h3
f5 34. Nb5 Nc6 1/2-1/2

[Event "London Classic Open 2014"]
[Site "London ENG"]
[Date "2014.12.10"]
[Round "3.28"]
[White "Gourlay, Iain"]
[Black "Farrand, Tom"]
[Result "1-0"]
[WhiteTitle "FM"]
[WhiteElo "2360"]
[BlackElo "2172"]
[WhiteFideId "2401533"]
[BlackFideId "406457"]
[EventDate "2014.12.08"]

1. d4 f5 2. Nc3 d5 3. Bf4 Nf6 4. e3 e6 5. Nb5 Na6 6. c4 c6 7. Nc3 Be7 8. Nf3 O-O
9. Be2 Nc7 10. O-O Ne4 11. Nd2 Ne8 12. Ndxe4 fxe4 13. f3 exf3 14. Rxf3 Bd6 15.
c5 Bxf4 16. exf4 b6 17. b4 Qc7 18. Qd2 Nf6 19. Bd3 bxc5 20. bxc5 Rb8 21. Ne2 Bd7
22. Bc2 Rb5 23. Rb3 Rfb8 24. Rab1 Rxb3 25. axb3 Be8 26. Qe3 Bf7 27. Ra1 Qb7 28.
Nc1 Re8 29. Ne2 Bg6 30. Bxg6 hxg6 31. h3 Ne4 32. Ng3 Nxg3 33. Qxg3 Qf7 34. Qe3
Rf8 35. Ra6 Rc8 36. Qe5 Kh7 37. Kh2 Qb7 38. Ra1 Rf8 39. Ra2 Rf5 40. Qe3 Qf7 41.
Ra6 Qb7 42. Ra2 1-0

[Event "London Classic Open 2014"]
[Site "London ENG"]
[Date "2014.12.10"]
[Round "3.29"]
[White "Gupta, Arul"]
[Black "Jackson, James P"]
[Result "1/2-1/2"]
[BlackTitle "FM"]
[WhiteElo "2065"]
[BlackElo "2356"]
[WhiteFideId "422622"]
[BlackFideId "416860"]
[EventDate "2014.12.08"]

1. e4 g6 2. d4 Bg7 3. Nf3 d6 4. h3 e6 5. c3 Ne7 6. Bg5 Nd7 7. Bd3 b6 8. O-O Bb7
9. Qe2 a6 10. a4 h6 11. Be3 O-O 12. Rd1 f5 13. exf5 Nxf5 14. Nbd2 Qe7 15. Be4
Bxe4 16. Nxe4 d5 17. Ned2 e5 18. dxe5 Nxe5 19. Nxe5 Qxe5 20. Nf3 Qe6 21. Rd3 c6
22. Re1 b5 23. Qd2 Qf7 24. Bd4 Nd6 25. Bxg7 Qxg7 26. Re6 Ne4 27. Qe3 Rf6 28.
Rxf6 Qxf6 29. Qxh6 bxa4 30. Rd4 Rb8 31. Rxa4 c5 32. Qc1 Rb6 33. Qc2 Kg7 34. Ra1
c4 35. Rd1 Qd6 36. Nd2 Qb8 37. Nxc4 Rf6 38. Rxd5 Nxf2 39. Rd6 Rxd6 40. Nxd6
Nxh3+ 41. gxh3 Qxd6 42. Qf2 Qd1+ 43. Kh2 Qd6+ 44. Kg2 Qd5+ 45. Kg3 Qg5+ 46. Kf3
Qf5+ 47. Kg2 Qd5+ 48. Kg1 Qd1+ 49. Qf1 Qd6 50. Qf2 Qd1+ 51. Qf1 Qd6 1/2-1/2

[Event "London Classic Open 2014"]
[Site "London ENG"]
[Date "2014.12.10"]
[Round "3.30"]
[White "Villiers, Thomas"]
[Black "Mihajlov, Sebastian"]
[Result "1/2-1/2"]
[BlackTitle "FM"]
[WhiteElo "2061"]
[BlackElo "2278"]
[WhiteFideId "427209"]
[BlackFideId "1512110"]
[EventDate "2014.12.08"]

1. d4 d5 2. c4 c6 3. Nf3 Nf6 4. e3 Bf5 5. Nc3 e6 6. Nh4 Bg6 7. Be2 Nbd7 8. O-O
Be7 9. g3 O-O 10. Nxg6 hxg6 11. b3 Rc8 12. Bb2 a6 13. Bf3 Re8 14. c5 e5 15. b4
exd4 16. exd4 Nf8 17. a4 b6 18. Ba3 Ne6 19. a5 b5 20. Bc1 Nh7 21. Re1 Bf6 22.
Be3 Nxd4 23. Bxd4 Rxe1+ 24. Qxe1 Bxd4 25. Bg4 Rc7 26. Rd1 Qf6 27. Rd3 Re7 28.
Qd2 Bxc3 29. Rxc3 Re4 30. Bc8 Qd8 31. Bxa6 Qa8 32. Bxb5 cxb5 33. c6 Nf6 34. c7
Qc8 35. Rc6 Rc4 36. Rxc4 bxc4 37. Qf4 Ne8 38. b5 Nxc7 39. b6 Na6 40. Qd6 g5 41.
Qxd5 c3 42. Qxg5 c2 43. Qc1 Nb4 44. h4 Na2 45. b7 Qxb7 46. Qxc2 Nb4 47. Qb3 Qe4
48. Qc3 Kh7 49. Qe3 Qa8 50. Qc5 Nc6 51. Qd5 Kg8 52. Kh2 Qa6 53. Qd6 Qc4 54. Qc7
Kh7 55. a6 Qxa6 56. Qxf7 Qb5 57. Qe6 Qc5 58. Qe4+ g6 59. Kg2 Ne5 60. h5 Kg7 61.
hxg6 Nxg6 62. Qb7+ Kh6 63. Qe4 Qg5 64. Qe3 Qxe3 65. fxe3 Kg5 66. e4 1/2-1/2

[Event "London Classic Open 2014"]
[Site "London ENG"]
[Date "2014.12.10"]
[Round "3.31"]
[White "Bullock, Lee"]
[Black "Constantinou, Peter"]
[Result "0-1"]
[BlackTitle "FM"]
[WhiteElo "1514"]
[BlackElo "2276"]
[WhiteFideId "425397"]
[BlackFideId "413038"]
[EventDate "2014.12.08"]

1. e4 c5 2. d4 cxd4 3. c3 dxc3 4. Nxc3 e6 5. Nf3 a6 6. Bc4 Ne7 7. O-O Ng6 8. Qe2
Be7 9. Rd1 b5 10. Bb3 Bb7 11. a3 O-O 12. Be3 Nc6 13. Rd2 d6 14. Ne1 Rc8 15. f4
Na5 16. Ba2 Nc4 17. Rd3 Qc7 18. Rad1 Nxe3 19. Qxe3 d5 20. Kh1 Nxf4 21. R3d2 Bc5
22. Qf3 dxe4 23. Qg4 Bc6 24. Nc2 e3 0-1

[Event "London Classic Open 2014"]
[Site "London ENG"]
[Date "2014.12.10"]
[Round "3.32"]
[White "Wall, Tim P"]
[Black "Makepeace, Philip J"]
[Result "1-0"]
[WhiteTitle "FM"]
[WhiteElo "2276"]
[BlackElo "2103"]
[WhiteFideId "401641"]
[BlackFideId "413550"]
[EventDate "2014.12.08"]

1. e4 c6 2. d4 d5 3. f3 e6 4. Nc3 Bb4 5. a3 Bxc3+ 6. bxc3 dxe4 7. Qe2 e3 8. Qxe3
Nf6 9. Qg5 O-O 10. Bd3 Qd5 11. Ne2 Qxg5 12. Bxg5 Nbd7 13. a4 Re8 14. O-O b6 15.
a5 Bb7 16. a6 Bc8 17. Ng3 h6 18. Bd2 Nf8 19. Rfe1 Bd7 20. Ne4 Nxe4 21. Bxe4 Nh7
22. c4 Nf6 23. Bd3 Rad8 24. Bf4 Rc8 25. Bd6 Kh8 26. g4 Rg8 27. h4 Ne8 28. Be7
Nc7 29. Kf2 b5 30. Bc5 Ra8 31. Re5 bxc4 32. Bxc4 Nd5 33. Rb1 Bc8 34. Ree1 Nc7
35. Ra1 Rd8 36. Reb1 e5 37. dxe5 Rd2+ 38. Ke3 Rxc2 39. Kd3 Rh2 40. Bd6 Nd5 41.
Rb7 Rh3 42. Ke2 Rh2+ 43. Kd3 Rh3 44. Rxf7 Be6 45. Rb7 Rxf3+ 46. Kd2 Bxg4 47. Rg1
h5 48. e6 Nf6 49. Bd3 Rd8 50. e7 Rxd3+ 51. Kxd3 Rxd6+ 52. Kc4 Re6 53. Rxa7 Be2+
54. Kc5 Bxa6 55. Rxg7 Ne8 56. Rf7 Re5+ 57. Kb6 Rb5+ 58. Kxa6 Rb8 59. Rb7 Rc8 60.
Ka7 Kg8 61. Rf8+ Kg7 62. Rd7 1-0

[Event "London Classic Open 2014"]
[Site "London ENG"]
[Date "2014.12.10"]
[Round "3.33"]
[White "Prosviriakov, Vladimir"]
[Black "Lane, Peter C R"]
[Result "1/2-1/2"]
[WhiteTitle "IM"]
[WhiteElo "2271"]
[BlackElo "2043"]
[WhiteFideId "2004860"]
[BlackFideId "407607"]
[EventDate "2014.12.08"]

1. Nf3 Nf6 2. c4 g6 3. b4 a5 4. b5 Bg7 5. Bb2 d6 6. g3 O-O 7. Bg2 e5 8. O-O Nbd7
9. Nc3 Nc5 10. Na4 Nfe4 11. d3 Nxa4 12. Qxa4 Nc5 13. Qc2 Bg4 14. h3 Be6 15. Nd2
a4 16. Rad1 f5 17. e3 f4 18. exf4 Bf5 19. Ne4 Bxe4 20. Bxe4 Nxe4 21. dxe4 exf4
22. Bxg7 Kxg7 23. Qc3+ Qf6 24. Qxf6+ Rxf6 25. g4 f3 26. Rfe1 Re8 27. Re3 Rf4 28.
Rd4 b6 29. Kh2 Re5 30. Kg3 g5 31. h4 h6 32. hxg5 hxg5 33. Re1 Kg6 34. Re3 1/2-1/2

[Event "London Classic Open 2014"]
[Site "London ENG"]
[Date "2014.12.10"]
[Round "3.34"]
[White "Hebden, Mark L"]
[Black "Rozycki, Bartlomiej"]
[Result "1-0"]
[WhiteTitle "GM"]
[WhiteElo "2523"]
[BlackElo "2085"]
[WhiteFideId "400084"]
[BlackFideId "1106996"]
[EventDate "2014.12.08"]

1. d4 Nf6 2. Nf3 g6 3. c4 d5 4. cxd5 Nxd5 5. e4 Nb6 6. h3 Bg7 7. Nc3 O-O 8. Be3
Nc6 9. Bb5 Na5 10. Qe2 a6 11. Bd3 Nc6 12. d5 Ne5 13. Nxe5 Bxe5 14. Rd1 Qd6 15.
O-O Bf4 16. Qf3 Bxe3 17. Qxe3 Qb4 18. Rd2 e5 19. f4 exf4 20. Rxf4 Qe7 21. e5 Re8
22. Rdf2 f5 23. e6 Rd8 24. Bxf5 Nxd5 25. Nxd5 Rxd5 26. Bg4 Qd6 27. e7 Re5 28.
Rf8+ Kg7 29. R2f7# 1-0

[Event "London Classic Open 2014"]
[Site "London ENG"]
[Date "2014.12.10"]
[Round "3.35"]
[White "Guramishvili, Sopiko"]
[Black "Rogers, Tim L"]
[Result "1-0"]
[WhiteTitle "IM"]
[WhiteElo "2388"]
[BlackElo "2046"]
[WhiteFideId "13602888"]
[BlackFideId "418137"]
[EventDate "2014.12.08"]

1. Nf3 d5 2. g3 Nf6 3. Bg2 Nc6 4. d4 e6 5. O-O Be7 6. c4 O-O 7. b3 b6 8. Nc3 Bb7
9. cxd5 exd5 10. Bf4 Na5 11. Rc1 c5 12. dxc5 bxc5 13. Ne5 d4 14. Bxb7 Nxb7 15.
Na4 Rc8 16. Qd3 Nd5 17. Bd2 Qd6 18. Nf3 Nd8 19. Nxd4 Ne6 20. Nf5 Qc7 21. Qxd5
Rfd8 22. Qc6 1-0

[Event "London Classic Open 2014"]
[Site "London ENG"]
[Date "2014.12.10"]
[Round "3.36"]
[White "Sanders, Isaac B"]
[Black "Jyothilal, N."]
[Result "1-0"]
[WhiteTitle "FM"]
[WhiteElo "2323"]
[BlackElo "2031"]
[WhiteFideId "417661"]
[BlackFideId "5002605"]
[EventDate "2014.12.08"]

1. Nf3 Nf6 2. c4 g6 3. b3 Bg7 4. Bb2 O-O 5. g3 c6 6. Bg2 d5 7. O-O Na6 8. d3 Bf5
9. Nbd2 Rc8 10. Re1 Qb6 11. h3 Rfd8 12. Qc1 h5 13. a3 dxc4 14. Nxc4 Qc7 15. b4
Be6 16. Ng5 Bd5 17. e4 Bxc4 18. Qxc4 e6 19. Rac1 Qd7 20. e5 Nd5 21. Ne4 Nb6 22.
Qa2 Na4 23. Ba1 Rc7 24. Nf6+ Bxf6 25. exf6 Qe8 26. Be4 Rcd7 27. Qd2 Qf8 28. Qg5
Kh7 29. Qxh5+ Qh6 30. Qg4 Nc7 31. Be5 Nd5 32. h4 Kh8 33. Kg2 Nab6 34. Qg5 Qh5
35. g4 1-0

[Event "London Classic Open 2014"]
[Site "London ENG"]
[Date "2014.12.10"]
[Round "3.37"]
[White "Clark, Ian C"]
[Black "Paterek, Michal"]
[Result "0-1"]
[BlackTitle "FM"]
[WhiteElo "2053"]
[BlackElo "2313"]
[WhiteFideId "407682"]
[BlackFideId "1116142"]
[EventDate "2014.12.08"]

1. e4 c6 2. d4 d5 3. Nc3 a6 4. Nf3 Bg4 5. e5 e6 6. Be2 c5 7. O-O Nc6 8. Be3 Bxf3
9. Bxf3 cxd4 10. Bxd4 Nge7 11. Re1 Nf5 12. Ne2 Rc8 13. c3 Be7 14. Bg4 Nfxd4 15.
Nxd4 Nxd4 16. cxd4 O-O 17. Qb3 Rc4 18. Qxb7 Rxd4 19. h3 a5 20. a3 Bg5 21. Qa7
Rc4 22. b3 Rc8 23. Qd4 Be7 24. Ra2 Bc5 25. Qd3 Qe7 26. Rea1 Rb8 27. Kh1 Qg5 28.
Re1 Rfc8 29. Bd1 Qe7 30. Bc2 g6 31. Rea1 Bxf2 32. Qd2 Bc5 33. Qxa5 Bd4 34. Rf1
Bxe5 35. Qe1 Bc3 36. Qf2 Ra8 37. Bd3 e5 38. a4 e4 39. Bb5 f5 40. Rc2 d4 41. Rxc3
dxc3 42. Qd4 Qg7 43. Bc4+ Kh8 44. Qe3 Qe5 45. Rc1 Rxa4 46. bxa4 Rxc4 47. Rd1 Rc7
48. Qh6 Qe8 49. Qf4 c2 50. Rc1 Rc8 51. Qd6 Kg8 52. Qd5+ Qf7 53. Qd2 Qc4 54. a5
Qd3 55. Qb4 Qd1+ 0-1

[Event "London Classic Open 2014"]
[Site "London ENG"]
[Date "2014.12.10"]
[Round "3.38"]
[White "Buchicchio, Giampaolo"]
[Black "Arnetta, Maria Teresa"]
[Result "1-0"]
[WhiteTitle "FM"]
[BlackTitle "WFM"]
[WhiteElo "2301"]
[BlackElo "2027"]
[WhiteFideId "811491"]
[BlackFideId "811572"]
[EventDate "2014.12.08"]

1. e4 e5 2. d4 exd4 3. Nf3 Nc6 4. Nxd4 Bb4+ 5. c3 Bc5 6. Be3 Bb6 7. g3 Nf6 8.
Bg2 O-O 9. O-O Re8 10. Re1 Ne5 11. Bf4 d6 12. h3 Ng6 13. Bg5 h6 14. Bxf6 Qxf6
15. Na3 Ne5 16. Nac2 Bd7 17. Ne3 c6 18. f4 Ng6 19. Qb3 Nf8 20. Rad1 Ne6 21. Qc4
Nc5 22. Ng4 Bxg4 23. hxg4 Nxe4 24. Rxe4 Rxe4 25. Bxe4 d5 26. Bxd5 cxd5 27. Qxd5
Rd8 28. Qe4 Qd6 29. Kg2 Qd7 30. Qf3 Qa4 31. a3 Bxd4 32. Rxd4 Rxd4 33. cxd4 Qxd4
34. Qxb7 Qd2+ 35. Kh3 Qe1 36. Qa8+ Kh7 37. Qd5 Qf1+ 38. Qg2 Qd1 39. Qe4+ Kg8 40.
b4 Qf1+ 41. Kh2 Qa6 42. Qe3 Qa4 43. Qd3 a6 44. Kg2 Qc6+ 45. Kf2 Qe6 46. Kf3 g6
47. Qe2 Qb3+ 48. Qe3 Qd1+ 49. Qe2 Qb3+ 50. Qe3 Qd1+ 51. Ke4 Qxg4 52. Kd3 Qd1+
53. Kc4 Qc2+ 54. Kd5 h5 55. Kd6 Qc8 56. Qe5 Qb8+ 57. Kd5 Qb5+ 58. Kd4 Qf1 59.
Qe8+ Kg7 60. Qe5+ Kg8 61. Qe3 Qb5 62. Kc3 Qa4 63. Kd4 Qc2 64. Qd3 Qc6 65. Qc4
Qa4 66. Qc3 Qd7+ 67. Kc4 Qe6+ 68. Kd3 Qa2 69. Kd4 Qe2 70. Qd3 Qf2+ 71. Ke5 Qb2+
72. Kd5 Qg2+ 73. Kc5 Qb7 74. Qd8+ Kg7 75. Qd4+ Kg8 76. Qd8+ Kg7 77. Qb6 Qe7+ 78.
Qd6 Qa7+ 79. Qb6 Qe7+ 80. Qd6 Qa7+ 81. Kd5 Qb7+ 82. Qc6 Qa7 83. Qc3+ Kg8 84. Kc6
Qb8 85. Qd3 Qa7 86. a4 Qa8+ 87. Kb6 Qb8+ 88. Ka5 Qc7+ 89. Kxa6 Qc6+ 90. Ka5 Qa8+
91. Kb5 Qe8+ 92. Ka5 Qa8+ 93. Kb5 Qe8+ 94. Kc5 Qxa4 95. b5 Qa7+ 96. b6 Qe7+ 97.
Kc6 Qe1 98. Qd8+ Kg7 99. Qd4+ Kg8 100. Qe5 Qxg3 101. b7 Qg2+ 102. Kb6 Qf2+ 103.
Qc5 Qb2+ 104. Kc7 1-0

[Event "London Classic Open 2014"]
[Site "London ENG"]
[Date "2014.12.10"]
[Round "3.39"]
[White "Robert, Pierre"]
[Black "Fernandez, Michael"]
[Result "1-0"]
[BlackTitle "FM"]
[WhiteElo "2051"]
[BlackElo "2301"]
[WhiteFideId "204781"]
[BlackFideId "5803560"]
[EventDate "2014.12.08"]

1. e4 c5 2. Nf3 d6 3. d4 cxd4 4. Nxd4 Nf6 5. Nc3 g6 6. Be3 a6 7. f3 b5 8. Qd2
Bb7 9. g4 h6 10. h4 Nbd7 11. O-O-O b4 12. Nce2 d5 13. Qxb4 Rb8 14. e5 Nxe5 15.
Bf4 Nfd7 16. Bh3 e6 17. Qa4 Bg7 18. Bxe5 Bxe5 19. f4 Bg7 20. f5 e5 21. fxg6 exd4
22. gxf7+ Kxf7 23. g5 Nc5 24. g6+ Ke7 25. Qa3 Qd6 26. Ng3 Rhf8 27. Rhe1+ Kd8 28.
Qa5+ Qc7 29. Qxc7+ Kxc7 30. Re7+ Kb6 31. Rxg7 Rf3 32. Rg1 d3 33. Rf7 Rxf7 34.
gxf7 Rf8 35. Rf1 d4 36. b4 Na4 37. Be6 Nc3 38. Rf6 Kc7 39. Rg6 dxc2 40. Kxc2 Kd8
41. Kd3 Bd5 42. Bxd5 Nxd5 43. Rd6+ Ke7 44. Rxd5 Rxf7 45. Kxd4 Rf4+ 46. Kc5 Ke6
47. Nf5 Rf2 48. Nd4+ Ke7 49. a4 Ra2 50. a5 h5 51. b5 axb5 52. Kxb5 1-0